000 00582nam a2200193Ia 4500
008 151119s9999||||xx |||||||||||||| ||und||
082 _a928.9146
082 _bGKKV18936
100 _aमहानोर ना धो
245 _aजे रम्य ते बघुनिया
260 _a--
260 _b--
260 _c0
600 _aमहानोर ना धो
630 _aजे रम्य ते बघुनिया
700 _aमहानोर ना धो
730 _aजे रम्य ते बघुनिया
942 _cBOOK
999 _c1071942
_d1071939